| 000 | 01245cam a2200337 4500 | ||
|---|---|---|---|
| 001 | ##L127857 | ||
| 002 | ##7943 | ||
| 008 | 041028n2004 000 0 eng u | ||
| 020 | _a0721910637 | ||
| 035 | _a(Sirsi) u127857 | ||
| 041 | 0 | _aeng | |
| 050 | 0 | 4 | _a711.558026 $2 18 |
| 100 | 1 | _aJones, Brian | |
| 245 | 0 | 0 | _aCountryside law |
| 250 | _a4th ed. | ||
| 260 |
_aCrayford _bShaw and Sons Limited _c2004 |
||
| 300 |
_axi, 340 p. _c22cm. |
||
| 350 | _a23.95 | ||
| 505 | 1 | _aProtection and enjoyment of the countryside | |
| 505 | 1 | _aPlanning Access to the countryside | |
| 505 | 1 | _aProtection of special areas | |
| 505 | 1 | _aCommons | |
| 505 | 1 | _aProtection of birds, animals and plants | |
| 505 | 1 | _aPollution | |
| 505 | 1 | _aAppendices | |
| 520 | _aProvides a lucid assessment of how the laws of England and Wales seek to tackle the twin objectives of protecting the countryside and its wildlife from irreparable harm whilst acknowledging and accommodating the public's demand to use the countryside for recreation, leisure and other purposes. This edition supersedes the 3rd ed. (ISBN 0721910629). | ||
| 690 | _aPROPERTY-RURAL AND NATURAL ASSETS | ||
| 700 | 1 | _aPalmer, Julian | |
| 700 | 1 | _aSydenham, Angela | |
| 942 | _n0 | ||
| 999 |
_c103830 _d103830 |
||